[Event "IX Floripa Chess Open Fort Atacadista"]
[Site "Florianópolis - Santa Catari"]
[Date "2023.01.24"]
[Round "3.106"]
[White "Luz, Christian Oliveira"]
[Black "Reichert, Thiago Da Cruz"]
[Result "0-1"]
[WhiteElo "1594"]
[BlackElo "1930"]
[PlyCount "60"]
[EventDate "2023.01.23"]
[EventRounds "10"]
[EventCountry "BRA"]

1. e4 e6 2. b3 c5 3. Bb2 Nc6 4. Nf3 d6 5. d4 cxd4 6. Nxd4 Nf6 7. Bd3 Be7 8. O-O
O-O 9. c4 Nb4 10. Nc3 Nxd3 11. Qxd3 a6 12. Rad1 Qc7 13. f4 b6 14. f5 e5 15. Nc2
Bb7 16. Nd5 Bxd5 17. cxd5 b5 18. Nb4 Qc5+ 19. Kh1 Qxb4 20. Rde1 Rac8 21. Qf3
Rc2 22. Bc1 Rfc8 23. g4 R8c3 24. Be3 Nxe4 25. f6 Bxf6 26. h4 Nd2 27. Bxd2 Rxd2
28. Re3 Rxe3 29. Qxe3 Qd4 30. Qf3 Qxd5 0-1

[Event "IX Floripa Chess Open Fort Atacadista"]
[Site "Florianópolis - Santa Catari"]
[Date "2023.01.24"]
[Round "3.107"]
[White "De Paula, Bruno Cesar Lima"]
[Black "Rodriguez Farias, Eduardo"]
[Result "1-0"]
[WhiteElo "1591"]
[BlackElo "1919"]
[PlyCount "81"]
[EventDate "2023.01.23"]
[EventRounds "10"]
[EventCountry "BRA"]

1. e4 c5 2. Nf3 Nc6 3. d4 cxd4 4. Nxd4 Nf6 5. Nc3 e5 6. Ndb5 d6 7. Be3 a6 8.
Nd5 Nxd5 9. exd5 axb5 10. dxc6 bxc6 11. c3 Be7 12. a4 bxa4 13. Rxa4 Rxa4 14.
Qxa4 Bd7 15. Qa7 O-O 16. Bb6 Qe8 17. Be2 Be6 18. O-O Bd8 19. Rd1 Bxb6 20. Qxb6
d5 21. h3 Bd7 22. Ra1 Qb8 23. Qe3 Qxb2 24. Ra7 d4 25. cxd4 exd4 26. Qe5 Be6 27.
f4 Qb1+ 28. Kh2 d3 29. Qe4 Bd5 30. Qxd3 Qb6 31. Ra3 Qb4 32. Qe3 g6 33. Rc3 Qd6
34. Bc4 Rd8 35. Bxd5 cxd5 36. Qd4 Qe6 37. Re3 Qc6 38. h4 Qc4 39. Qf6 Rc8 40. h5
Qc5 41. Re7 1-0

[Event "IX Floripa Chess Open Fort Atacadista"]
[Site "Florianópolis - Santa Catari"]
[Date "2023.01.24"]
[Round "3.108"]
[White "Schena, Arthur"]
[Black "Marocco, Gabriel Leao Quadro"]
[Result "1-0"]
[WhiteElo "1918"]
[BlackElo "1598"]
[PlyCount "95"]
[EventDate "2023.01.23"]
[EventRounds "10"]
[EventCountry "BRA"]

1. Nf3 Nf6 2. g3 g6 3. Bg2 Bg7 4. O-O d6 5. d3 O-O 6. e4 Nbd7 7. Nbd2 c5 8. a4
Qc7 9. Nc4 b6 10. e5 dxe5 11. Nfxe5 Bb7 12. f4 Bxg2 13. Kxg2 Nxe5 14. Nxe5 e6
15. Qf3 Nd7 16. Nc4 Rac8 17. Bd2 Nb8 18. Bc3 Bxc3 19. bxc3 Qc6 20. Qxc6 Nxc6
21. Ne5 Ne7 22. Kf3 Rfd8 23. Rfb1 Nd5 24. Ra3 f6 25. Nc4 Rc6 26. Ne3 Nxe3 27.
Kxe3 Kf8 28. a5 Ke7 29. axb6 axb6 30. Ra6 Rdd6 31. c4 h5 32. Rba1 Rc7 33. h3 f5
34. Kf3 Kf6 35. Ra8 Rdd7 36. R1a6 Rb7 37. Rc8 Ke7 38. Raa8 Kf6 39. g4 hxg4+ 40.
hxg4 fxg4+ 41. Kxg4 e5 42. Rc6+ Kf7 43. fxe5 Re7 44. Kf4 g5+ 45. Kf5 g4 46.
Rf6+ Kg7 47. Rg6+ Kf7 48. e6+ 1-0

[Event "IX Floripa Chess Open Fort Atacadista"]
[Site "Florianópolis - Santa Catari"]
[Date "2023.01.24"]
[Round "3.109"]
[White "Mauro, Roberto Da Silva"]
[Black "Muzzi, Eduardo"]
[Result "0-1"]
[WhiteElo "1590"]
[BlackElo "1917"]
[PlyCount "69"]
[EventDate "2023.01.23"]
[EventRounds "10"]
[EventCountry "BRA"]

1. d4 Nf6 2. c4 c5 3. d5 b5 4. cxb5 a6 5. bxa6 Bxa6 6. Nc3 g6 7. e4 Bxf1 8.
Kxf1 d6 9. g3 Bg7 10. Kg2 O-O 11. Nf3 Nbd7 12. Re1 Ra6 13. a4 Qa8 14. Ra3 Ng4
15. Nd2 Nge5 16. Nb5 c4 17. Nc7 Qa7 18. Nxa6 Qxa6 19. Qc2 Nd3 20. Re3 Rc8 21.
f4 Nb4 22. Qd1 Nc5 23. Nf3 Ncd3 24. Rc3 Bxc3 25. bxc3 Nxc1 26. cxb4 Nd3 27. b5
Qb6 28. Re2 Qc5 29. Qb1 Nb4 30. Ne1 c3 31. Nc2 Qc4 32. Qd1 Nd3 33. Ne3 Qxe4+
34. Kh3 Qxe3 35. Rxe3 0-1

[Event "IX Floripa Chess Open Fort Atacadista"]
[Site "Florianópolis - Santa Catari"]
[Date "2023.01.24"]
[Round "3.110"]
[White "Cerrato, Alex"]
[Black "Ferreira, Carlos Eduardo"]
[Result "1-0"]
[WhiteElo "1915"]
[BlackElo "1585"]
[PlyCount "93"]
[EventDate "2023.01.23"]
[EventRounds "10"]
[EventCountry "BRA"]

1. d4 d5 2. Nc3 Nf6 3. Bf4 e6 4. e3 Bd6 5. Bg3 a6 6. Nf3 c5 7. Ne5 cxd4 8. exd4
Nc6 9. Be2 O-O 10. O-O Qc7 11. f4 b5 12. Bf3 Bb7 13. Ne2 Rac8 14. c3 Na5 15.
Qd3 Ne4 16. Rac1 f5 17. Be1 Be7 18. g4 Nc4 19. b3 Ncd6 20. g5 g6 21. h4 Nf7 22.
Kg2 Nxe5 23. fxe5 Qd8 24. Nf4 Rc6 25. Nh3 Re8 26. Bd2 Rc8 27. Rg1 Kh8 28. Kf1
Rc7 29. Rc2 Qc8 30. h5 a5 31. hxg6 hxg6 32. Nf4 Kg7 33. Bxe4 fxe4 34. Qh3 Bf8
35. Qh6+ Kg8 36. Qxg6+ Bg7 37. Nh5 Ree7 38. Nf6+ Kf8 39. Rh1 Rf7 40. Be1 b4 41.
Rch2 Rxc3 42. Rh8+ Ke7 43. Rxc8 Ba6+ 44. Kg2 Rxc8 45. Rh7 Rc2+ 46. Kg3 Kf8 47.
Rxg7 1-0

[Event "IX Floripa Chess Open Fort Atacadista"]
[Site "Florianópolis - Santa Catari"]
[Date "2023.01.24"]
[Round "3.111"]
[White "Pereira, Armando Scharlau"]
[Black "Feller, Gabriela Luisa Vice"]
[Result "1/2-1/2"]
[WhiteElo "1581"]
[BlackElo "1914"]
[PlyCount "94"]
[EventDate "2023.01.23"]
[EventRounds "10"]
[EventCountry "BRA"]

1. Nf3 Nf6 2. c4 c6 3. d4 d5 4. cxd5 cxd5 5. Nc3 Nc6 6. Bg5 e6 7. e3 Be7 8. Bd3
O-O 9. Rc1 b6 10. O-O Nb4 11. Bb1 Bb7 12. Ne5 Rc8 13. a3 Nc6 14. Bxf6 Bxf6 15.
f4 g6 16. Ne2 Nxe5 17. fxe5 Rxc1 18. Qxc1 Bg5 19. Nf4 Qc8 20. Bd3 Qxc1 21. Rxc1
Rc8 22. Rxc8+ Bxc8 23. Kf2 Kf8 24. g3 Ke8 25. Ke2 Kd8 26. Kd2 Kc7 27. Bb5 Bd7
28. Bd3 Be7 29. h4 a5 30. Nh3 h6 31. Nf4 b5 32. Ne2 b4 33. axb4 Bxb4+ 34. Nc3
Be8 35. Kc2 Be7 36. Be2 f6 37. Bg4 f5 38. Bd1 g5 39. hxg5 Bxg5 40. Kd3 Bg6 41.
Kd2 Be8 42. Be2 Kb6 43. Bd3 Bh5 44. Bf1 Be7 45. Bd3 Bb4 46. Kc2 Be8 47. Be2 Be7
1/2-1/2

[Event "IX Floripa Chess Open Fort Atacadista"]
[Site "Florianópolis - Santa Catari"]
[Date "2023.01.24"]
[Round "3.112"]
[White "Da Luz, Felipe Garcia"]
[Black "Melo, Sergio Roberto Samp"]
[Result "1-0"]
[WhiteElo "1914"]
[BlackElo "1580"]
[PlyCount "95"]
[EventDate "2023.01.23"]
[EventRounds "10"]
[EventCountry "BRA"]

1. e4 e6 2. Qe2 c5 3. f4 Nc6 4. Nf3 Be7 5. g3 d6 6. Bg2 e5 7. d3 Nf6 8. c3 Rb8
9. O-O b5 10. Na3 Qb6 11. Nc2 b4 12. c4 Nd7 13. Ne3 Nf6 14. Nd5 Qd8 15. h3 O-O
16. Nxe7+ Qxe7 17. g4 Nd4 18. Nxd4 cxd4 19. g5 Nd7 20. f5 Nc5 21. f6 Qd8 22.
fxg7 Kxg7 23. Rf6 Be6 24. Bd2 Kh8 25. Raf1 Rg8 26. Kh1 Rg6 27. h4 Qd7 28. Rxg6
hxg6 29. Qf3 Qd8 30. h5 b3 31. a3 a5 32. h6 Nd7 33. Bh3 Bxh3 34. Qxh3 Qe7 35.
Bxa5 Nf8 36. Bd2 Nh7 37. Qg4 Rf8 38. a4 Ra8 39. a5 Kg8 40. Ra1 f6 41. gxf6 Qxf6
42. Rg1 Nf8 43. Kg2 Kh7 44. Rf1 Qe7 45. Qf3 Kg8 46. Qf6 Qd7 47. Kg3 Ra7 48.
Qxf8+ 1-0

[Event "IX Floripa Chess Open Fort Atacadista"]
[Site "Florianópolis - Santa Catari"]
[Date "2023.01.24"]
[Round "3.113"]
[White "Furtado, Tiago Cicotti"]
[Black "Bassani, Jaison Jose"]
[Result "0-1"]
[WhiteElo "1580"]
[BlackElo "1913"]
[PlyCount "66"]
[EventDate "2023.01.23"]
[EventRounds "10"]
[EventCountry "BRA"]

1. c4 Nf6 2. g3 g6 3. Nc3 Bg7 4. Bg2 O-O 5. Nf3 d6 6. d4 Nc6 7. O-O a6 8. e3
Rb8 9. a4 a5 10. Ne1 e5 11. d5 Nb4 12. Nd3 Nxd3 13. Qxd3 Nd7 14. e4 Nc5 15. Qc2
f5 16. Be3 f4 17. Bxc5 dxc5 18. gxf4 exf4 19. f3 Bd4+ 20. Kh1 Re8 21. Rad1 Re5
22. Nb5 Be3 23. Rfe1 Rh5 24. Rxe3 fxe3 25. Rd3 Qh4 26. Bf1 Bh3 27. Bxh3 Qe1+
28. Kg2 Rg5+ 29. Bg4 e2 30. Re3 Qf1+ 31. Kg3 Qg1+ 32. Kf4 Rxg4+ 33. fxg4 Qxe3+
0-1

[Event "IX Floripa Chess Open Fort Atacadista"]
[Site "Florianópolis - Santa Catari"]
[Date "2023.01.24"]
[Round "3.114"]
[White "Bail, Ellen Larissa"]
[Black "Lima Miranda, Caio Cesar"]
[Result "1-0"]
[WhiteElo "1913"]
[BlackElo "1579"]
[PlyCount "127"]
[EventDate "2023.01.23"]
[EventRounds "10"]
[EventCountry "BRA"]

1. d4 Nf6 2. Nf3 g6 3. c4 Bg7 4. Nc3 O-O 5. Bg5 d6 6. e3 Nbd7 7. Be2 c6 8. O-O
e5 9. Qc2 Qc7 10. Rfd1 Re8 11. dxe5 dxe5 12. Nd2 a5 13. Rac1 Nc5 14. b3 Bf5 15.
Qb2 Bd3 16. Nf3 e4 17. Ne1 Bxe2 18. Qxe2 Rad8 19. Bf4 Qe7 20. h3 Rxd1 21. Rxd1
Rd8 22. Qc2 Rxd1 23. Qxd1 Ne8 24. Ne2 f5 25. Qd2 a4 26. b4 Nd3 27. Nxd3 exd3
28. Nc1 Qe4 29. Qxd3 Bb2 30. Qxe4 fxe4 31. Ne2 b5 32. cxb5 cxb5 33. Nd4 Bxd4
34. exd4 Nf6 35. Kf1 Nd5 36. Bd2 Kf7 37. Ke2 Ke6 38. g4 h5 39. f3 exf3+ 40.
Kxf3 hxg4+ 41. hxg4 g5 42. a3 Kf6 43. Ke4 Nb6 44. d5 Nc4 45. Bc1 Kg6 46. Kd4
Kf6 47. Kc5 Ke5 48. Kxb5 Kxd5 49. Kxa4 Kc6 50. Bxg5 Ne5 51. b5+ Kb7 52. Kb4
Nxg4 53. a4 Ne5 54. Bf6 Nd7 55. Bd4 Kc7 56. a5 Kb7 57. Kc4 Nb8 58. Be5 Na6 59.
Bd6 Ka7 60. b6+ Kb7 61. Kb5 Ka8 62. Kc6 Nb8+ 63. Bxb8 Kxb8 64. b7 1-0

[Event "IX Floripa Chess Open Fort Atacadista"]
[Site "Florianópolis - Santa Catari"]
[Date "2023.01.24"]
[Round "3.115"]
[White "Carneiro, Claudionor Chaves"]
[Black "Andrade, Guilherme A. De Sou"]
[Result "0-1"]
[WhiteElo "1577"]
[BlackElo "1913"]
[PlyCount "77"]
[EventDate "2023.01.23"]
[EventRounds "10"]
[EventCountry "BRA"]

1. e4 c5 2. Nf3 e6 3. d4 cxd4 4. Nxd4 a6 5. Be3 Qc7 6. Nc3 Bb4 7. Qd3 Nf6 8. a3
Bxc3+ 9. Qxc3 Qxc3+ 10. bxc3 Nxe4 11. c4 d6 12. Be2 Nd7 13. Bf3 Nec5 14. Rd1
Ne5 15. Be2 f6 16. f4 Nf7 17. O-O O-O 18. Nb3 b6 19. Nd4 Bd7 20. Bf3 Rac8 21.
Rb1 e5 22. fxe5 dxe5 23. Nb3 Na4 24. Bd5 Bc6 25. Be6 Rce8 26. Bf5 Nd6 27. Bg4
Nxc4 28. Bf2 Nc3 29. Ra1 f5 30. Be1 Ne3 31. Bxc3 Nxf1 32. Be2 Ne3 33. Bxa6 Nxg2
34. Rd1 Ne3 35. Rd6 Rf6 36. Rxc6 Rxc6 37. Bb5 Rxc3 38. Bxe8 Rxc2 39. Bb5 0-1

[Event "IX Floripa Chess Open Fort Atacadista"]
[Site "Florianópolis - Santa Catari"]
[Date "2023.01.24"]
[Round "3.116"]
[White "Bassani, Eduardo"]
[Black "Caceres Benitez, Fernando Israel"]
[Result "0-1"]
[WhiteElo "1912"]
[BlackElo "1574"]
[PlyCount "122"]
[EventDate "2023.01.23"]
[EventRounds "10"]
[EventCountry "BRA"]

1. e4 c5 2. Nf3 Nc6 3. Nc3 e6 4. Bb5 Nge7 5. O-O a6 6. Bd3 Ng6 7. Re1 Bd6 8. a3
Qc7 9. Bf1 O-O 10. g3 b5 11. d3 Bb7 12. Bg2 f5 13. exf5 Rxf5 14. Be3 Nce5 15.
Nxe5 Bxg2 16. Kxg2 Nxe5 17. f4 Qc6+ 18. Ne4 Ng6 19. Qf3 Bxf4 20. Nf6+ gxf6 21.
Qxc6 dxc6 22. gxf4 Kf7 23. Rf1 Rg8 24. Kh1 Ne7 25. Rf2 Rg4 26. Raf1 c4 27. dxc4
bxc4 28. Rg1 Rh4 29. Rfg2 Rfh5 30. Rd1 Nd5 31. Bc1 e5 32. fxe5 fxe5 33. Rf1+
Ke6 34. Rf8 Rf5 35. Rxf5 Kxf5 36. Re2 e4 37. Kg2 Nf4+ 38. Bxf4 Kxf4 39. Kf1 Rh3
40. Rg2 Rf3+ 41. Ke2 c3 42. b3 Re3+ 43. Kf2 Rh3 44. Ke2 Rh5 45. Rf2+ Ke5 46.
Rg2 Kd4 47. Rf2 Rg5 48. h4 Rg3 49. Rh2 h5 50. Kf2 Rf3+ 51. Ke2 Rf5 52. Rh3 a5
53. Rh2 Rf4 54. Rh3 c5 55. Rh2 e3 56. Rh3 Rf2+ 57. Kd1 Rd2+ 58. Kc1 e2 59. Rh1
Ke4 60. Rg1 Kf3 61. Rh1 Kg2 0-1

[Event "IX Floripa Chess Open Fort Atacadista"]
[Site "Florianópolis - Santa Catari"]
[Date "2023.01.24"]
[Round "3.117"]
[White "Bashtavenko, Aleksey"]
[Black "Cavalcante, Adriano Nunes"]
[Result "1-0"]
[WhiteElo "1569"]
[BlackElo "1909"]
[PlyCount "160"]
[EventDate "2023.01.23"]
[EventRounds "10"]
[EventCountry "BRA"]

1. d4 d5 2. c4 c6 3. Nf3 Nf6 4. e3 a6 5. b3 Bg4 6. Bd3 e6 7. O-O Nbd7 8. Nbd2
Be7 9. e4 dxe4 10. Nxe4 O-O 11. Bd2 a5 12. a4 Nxe4 13. Bxe4 Nf6 14. Bc2 Bb4 15.
Bd3 Bf5 16. Qe2 Bxd3 17. Qxd3 Qe7 18. Bc3 Rfd8 19. Rfe1 Rac8 20. Rad1 h6 21.
Qd2 Bxc3 22. Qxc3 Qc7 23. Qe3 Qb6 24. h3 Nd7 25. Rd3 Qb4 26. Qd2 Qxd2 27. Rxd2
Nb6 28. Red1 Rc7 29. Kf1 Nc8 30. Ke2 Rcd7 31. Ne1 Nd6 32. Nc2 Kf8 33. Ne3 Ne4
34. Rd3 Nf6 35. R3d2 Ke7 36. Rd3 Nh5 37. g3 Nf6 38. f3 b6 39. g4 Rd6 40. f4 Ne4
41. f5 R6d7 42. fxe6 fxe6 43. Nc2 g5 44. Ke3 Nd6 45. Ne1 Nf7 46. Nf3 Kf6 47.
Ne5 Rc7 48. Rf1+ Kg7 49. Nxf7 Rxf7 50. Rxf7+ Kxf7 51. Ke4 Ke7 52. Rf3 Rb8 53.
Ke5 b5 54. Rf6 bxc4 55. Rxe6+ Kd7 56. bxc4 Rb4 57. c5 Rxa4 58. Rxh6 Ra3 59.
Rh7+ Ke8 60. Kd6 Rd3 61. Kxc6 Rxd4 62. Ra7 Rd3 63. Rxa5 Rxh3 64. Ra4 Kd8 65.
Rd4+ Kc8 66. Rd5 Rh6+ 67. Rd6 Rh7 68. Rg6 Rh8 69. Rxg5 Rh6+ 70. Kd5 Rh7 71. Re5
Rg7 72. g5 Kc7 73. Rf5 Kd7 74. c6+ Kc7 75. Kc5 Rg6 76. Rf7+ Kd8 77. Kb6 Rg8 78.
Kb7 Rxg5 79. c7+ Ke8 80. Rf6 Ke7 1-0

[Event "IX Floripa Chess Open Fort Atacadista"]
[Site "Florianópolis - Santa Catari"]
[Date "2023.01.24"]
[Round "3.118"]
[White "Lora, Miguel Said Brasil"]
[Black "Freitas, Ronan Cunha"]
[Result "0-1"]
[WhiteElo "1566"]
[BlackElo "1898"]
[PlyCount "179"]
[EventDate "2023.01.23"]
[EventRounds "10"]
[EventCountry "BRA"]

1. e4 c5 2. Nf3 Nc6 3. d4 cxd4 4. Nxd4 Nf6 5. Nc3 e5 6. Nxc6 bxc6 7. a3 h6 8.
Be3 d5 9. exd5 cxd5 10. Bb5+ Bd7 11. Bxd7+ Qxd7 12. Bc1 Bc5 13. Qe2 O-O 14. O-O
Rfe8 15. Rb1 Rac8 16. Qb5 Qf5 17. Qd3 e4 18. Qh3 Qxh3 19. gxh3 d4 20. Nb5 a6
21. b4 axb5 22. bxc5 Rxc5 23. Bb2 Rd8 24. Rfd1 Rcd5 25. Rd2 Nh5 26. Rbd1 Nf4
27. Kf1 d3 28. cxd3 exd3 29. f3 Nxh3 30. Kg2 Nf4+ 31. Kf2 Ne6 32. Rg1 g6 33.
Bf6 Rc8 34. Rgd1 Rc2 35. Ke3 Rxd2 36. Rxd2 Nc5 37. Bd4 Kf8 38. Bxc5+ Rxc5 39.
Rxd3 Ke7 40. Kf4 Rf5+ 41. Kg3 Ke6 42. Rd4 Rd5 43. Re4+ Re5 44. Rd4 Rc5 45. Rb4
h5 46. a4 bxa4 47. Rxa4 g5 48. h4 f6 49. Rb4 Kf5 50. Ra4 Re5 51. Rb4 Re3 52.
Rb5+ Kg6 53. hxg5 fxg5 54. Rb6+ Kf5 55. Rb5+ Re5 56. Rb4 h4+ 57. Kf2 Rd5 58.
Ke3 Rd1 59. Rb5+ Kf6 60. Rb6+ Kg7 61. Rb7+ Kg6 62. Rb6+ Kh5 63. Rb8 Ra1 64.
Rh8+ Kg6 65. Rb8 Ra2 66. Rg8+ Kf6 67. Rh8 Rg2 68. Rh7 Rh2 69. Rh8 Rh1 70. Rh6+
Kf5 71. Rh5 Re1+ 72. Kf2 Re8 73. Rh7 Rb8 74. Ke3 Rb3+ 75. Kf2 Rb8 76. Ke3 Kg6
77. Rc7 Rb3+ 78. Kf2 Rb2+ 79. Kg1 Kf5 80. Rc4 h3 81. Ra4 Rg2+ 82. Kh1 Rf2 83.
Kg1 Rxf3 84. Kh2 g4 85. Ra1 Rf2+ 86. Kh1 g3 87. Ra5+ Kg4 88. Ra4+ Rf4 89. Ra1
h2 90. Ra2 0-1

[Event "IX Floripa Chess Open Fort Atacadista"]
[Site "Florianópolis - Santa Catari"]
[Date "2023.01.24"]
[Round "3.119"]
[White "De Oliveira, Gualter Amelio"]
[Black "Cristino, Felipe Borges"]
[Result "0-1"]
[WhiteElo "1563"]
[BlackElo "1893"]
[PlyCount "112"]
[EventDate "2023.01.23"]
[EventRounds "10"]
[EventCountry "BRA"]

1. e4 c5 2. Nc3 Nc6 3. d3 g6 4. Be3 d6 5. g3 Bg7 6. Bg2 e5 7. Nge2 Nge7 8. Qc1
O-O 9. Bh6 a6 10. a4 Rb8 11. Bxg7 Kxg7 12. h4 h5 13. f4 f5 14. O-O b5 15. axb5
axb5 16. fxe5 Nxe5 17. Ra7 Rf7 18. Qg5 N7c6 19. Rxf7+ Nxf7 20. Qf4 Nce5 21. d4
cxd4 22. Nxd4 Qb6 23. Nce2 Nc6 24. c3 Nxd4 25. Nxd4 Nh6 26. Kh1 Bd7 27. exf5
Nxf5 28. Nxf5+ Bxf5 29. Qg5 Rf8 30. Rd1 Rf6 31. Rd4 Qd8 32. Bf1 Be4+ 33. Kg1 d5
34. Be2 Qd7 35. g4 hxg4 36. Bxg4 Qf7 37. Qe5 Kh7 38. Rd1 Rf2 39. Bh3 Rxb2 40.
Rf1 Qa7+ 41. Qd4 Qxd4+ 42. cxd4 Rd2 43. Rf7+ Kh6 44. Rb7 Bd3 45. Bd7 Rb2 46.
Rb6 Kh5 47. Be8 Be4 48. Kf1 b4 49. Rb7 Kxh4 50. Rh7+ Kg5 51. Ke1 Kf4 52. Rh3 g5
53. Ba4 g4 54. Rh4 Ke3 55. Rxg4 Rb1+ 56. Bd1 Bf3 0-1

[Event "IX Floripa Chess Open Fort Atacadista"]
[Site "Florianópolis - Santa Catari"]
[Date "2023.01.24"]
[Round "3.120"]
[White "Cruz, Natan Gomes"]
[Black "De Souza, Lucio Teixeira"]
[Result "1-0"]
[WhiteElo "1891"]
[BlackElo "1568"]
[PlyCount "67"]
[EventDate "2023.01.23"]
[EventRounds "10"]
[EventCountry "BRA"]

1. e4 c5 2. Nf3 d6 3. Bb5+ Bd7 4. c4 a6 5. Bxd7+ Qxd7 6. Nc3 Nf6 7. d3 Nc6 8.
h3 g6 9. Bg5 Bg7 10. Qd2 Rb8 11. O-O Nd4 12. Nxd4 cxd4 13. Ne2 e5 14. f4 Ng8
15. fxe5 dxe5 16. Qb4 f6 17. Bh4 g5 18. Be1 Ne7 19. Ng3 O-O 20. Bd2 h6 21. Qb3
Nc6 22. Qd1 a5 23. Rc1 b6 24. Rf2 Qe6 25. Qh5 Qe8 26. Qg4 Rb7 27. Nf5 Qd7 28.
a3 Ne7 29. b4 Nxf5 30. Rxf5 Qa4 31. Qd1 Qxa3 32. Rf3 axb4 33. Ra1 Qb2 34. Rf2
1-0

[Event "IX Floripa Chess Open Fort Atacadista"]
[Site "Florianópolis - Santa Catari"]
[Date "2023.01.24"]
[Round "3.121"]
[White "De Freitas, Isabella Ribeiro Co"]
[Black "Ramazzotte, Maicon Zilli"]
[Result "1-0"]
[WhiteElo "1886"]
[BlackElo "1562"]
[PlyCount "63"]
[EventDate "2023.01.23"]
[EventRounds "10"]
[EventCountry "BRA"]

1. c4 Nf6 2. Nc3 e6 3. e4 d6 4. d4 Nbd7 5. Nf3 Be7 6. Be2 O-O 7. g4 c5 8. g5
Ne8 9. h4 cxd4 10. Nxd4 a6 11. Be3 Qc7 12. h5 Ne5 13. b3 Bd7 14. f4 Nc6 15. f5
Qa5 16. Rc1 Nxd4 17. Qxd4 exf5 18. Bd2 Qd8 19. Rg1 Nc7 20. Nd5 Ne6 21. Nxe7+
Qxe7 22. Qd5 fxe4 23. g6 fxg6 24. hxg6 Qf6 25. gxh7+ Kh8 26. Kd1 Bc6 27. Qa5
Nd4 28. Qg5 Qxg5 29. Bxg5 Kxh7 30. Bh5 Nf3 31. Rh1 Nxg5 32. Bf7+ 1-0

[Event "IX Floripa Chess Open Fort Atacadista"]
[Site "Florianópolis - Santa Catari"]
[Date "2023.01.24"]
[Round "3.122"]
[White "Medeiros, Thauane Ferreira"]
[Black "Ricci, Lucas Estremes"]
[Result "1-0"]
[WhiteElo "1883"]
[BlackElo "1559"]
[PlyCount "51"]
[EventDate "2023.01.23"]
[EventRounds "10"]
[EventCountry "BRA"]

1. d4 Nf6 2. Bg5 e6 3. e3 c5 4. c3 b6 5. Nd2 d5 6. Ngf3 Bb7 7. Bd3 Be7 8. Ne5
h6 9. Bxf6 Bxf6 10. f4 Nc6 11. O-O Ne7 12. Bb5+ Kf8 13. Nd7+ Kg8 14. Nxf6+ gxf6
15. Qg4+ Kf8 16. Nf3 Nf5 17. Rac1 Ke7 18. Bd3 h5 19. Qh3 Nd6 20. f5 h4 21. fxe6
fxe6 22. Nxh4 Kd7 23. Qg4 f5 24. Qg7+ Kc6 25. Ng6 Re8 26. Ne5# 1-0

[Event "IX Floripa Chess Open Fort Atacadista"]
[Site "Florianópolis - Santa Catari"]
[Date "2023.01.24"]
[Round "3.123"]
[White "Carmo, Jose Arlindo"]
[Black "Silva, Janderson Rossi Da"]
[Result "0-1"]
[WhiteElo "1562"]
[BlackElo "1883"]
[PlyCount "97"]
[EventDate "2023.01.23"]
[EventRounds "10"]
[EventCountry "BRA"]

1. e4 c5 2. Nf3 d6 3. d4 cxd4 4. Nxd4 Nf6 5. Nc3 a6 6. Nb3 e6 7. g4 b5 8. g5
Nfd7 9. f4 Bb7 10. Bg2 Be7 11. a3 Nb6 12. Na5 Bc8 13. Qe2 Qc7 14. Be3 Nc6 15.
Qf2 Rb8 16. Nxc6 Qxc6 17. Bxb6 Qxb6 18. O-O O-O 19. Rad1 Qxf2+ 20. Rxf2 Bb7 21.
Rfd2 Rfc8 22. h4 Rc4 23. Rd4 Rbc8 24. Kh2 g6 25. Kg3 h5 26. Bf1 R4c5 27. a4 Bc6
28. axb5 Bxb5 29. Nxb5 axb5 30. c3 Ra8 31. Rb4 Ra5 32. Be2 Kf8 33. Kf3 Ke8 34.
Rd3 Kd7 35. Ke3 Ra1 36. Rdd4 Kc6 37. Bf3 Bd8 38. Rd2 Bb6 39. Ke2 Rc4 40. Rb3
Rca4 41. Kd3 Rf1 42. Be2 Rxf4 43. Kc2 Ra5 44. c4 bxc4 45. Bxc4 Rxe4 46. Bd3
Rxh4 47. Rg2 Rg4 48. Rc3+ Rc5 49. Rf2 0-1

[Event "IX Floripa Chess Open Fort Atacadista"]
[Site "Florianópolis - Santa Catari"]
[Date "2023.01.24"]
[Round "3.124"]
[White "Rosa, Gabriel Redon"]
[Black "Belina, Jose Carlos Fernand"]
[Result "1-0"]
[WhiteElo "1883"]
[BlackElo "1546"]
[PlyCount "61"]
[EventDate "2023.01.23"]
[EventRounds "10"]
[EventCountry "BRA"]

1. e4 e5 2. Nf3 Nc6 3. d4 exd4 4. Bc4 Nf6 5. O-O Nxe4 6. Re1 d5 7. Bxd5 Qxd5 8.
Nc3 Qd8 9. Rxe4+ Be7 10. Nxd4 f5 11. Rxe7+ Nxe7 12. Qh5+ Ng6 13. Nf3 Qd6 14.
Ng5 h6 15. Nb5 Qf6 16. Nxc7+ Kf8 17. Nxa8 hxg5 18. Qxg5 Qd6 19. h3 Kf7 20. Qg3
f4 21. Qb3+ Ke8 22. a4 Qb8 23. Qb5+ Kf7 24. Qc4+ Be6 25. Qc7+ Kf6 26. Qxb8 Rxb8
27. Nc7 Rc8 28. Nxe6 Kxe6 29. Bd2 Rxc2 30. Bc3 Ne5 31. Re1 1-0

[Event "IX Floripa Chess Open Fort Atacadista"]
[Site "Florianópolis - Santa Catari"]
[Date "2023.01.24"]
[Round "3.125"]
[White "Souza, Atahander"]
[Black "Mayeregger Gonzalez, Renata"]
[Result "1-0"]
[WhiteElo "1882"]
[BlackElo "1543"]
[PlyCount "143"]
[EventDate "2023.01.23"]
[EventRounds "10"]
[EventCountry "BRA"]

1. b3 Nf6 2. Bb2 d5 3. e3 g6 4. Nf3 Bg7 5. c4 c6 6. cxd5 cxd5 7. Nc3 Nc6 8. Bb5
O-O 9. O-O Bd7 10. Rc1 Rc8 11. d4 e6 12. Na4 Qa5 13. Qe2 Ne4 14. Nc5 Nxc5 15.
Rxc5 Qb6 16. Rfc1 a6 17. Ba4 Rfd8 18. Bc3 Qa7 19. Bxc6 Bxc6 20. Ba5 Re8 21. Qd2
Bf8 22. R5c2 Ba3 23. Re1 Bd6 24. Bb4 Bc7 25. Ba5 Bd6 26. Bb4 Bc7 27. Rec1 Qb8
28. Ba5 Bd6 29. Bb6 Bd7 30. Bc5 Bc7 31. Qb4 b6 32. Be7 a5 33. Qa3 b5 34. Bf6 b4
35. Qb2 Bb5 36. Rc5 Bd6 37. Be5 Rxc5 38. Rxc5 Bxe5 39. Nxe5 Rc8 40. Qc2 Rxc5
41. Qxc5 Kg7 42. Qe7 Qe8 43. Qa7 a4 44. bxa4 Bxa4 45. Nxf7 Qxf7 46. Qxa4 Qc7
47. g4 Qb7 48. Qb3 Qe7 49. Kf1 Qh4 50. Qxb4 Qxg4 51. Qe7+ Kg8 52. h4 Qd1+ 53.
Kg2 Qg4+ 54. Kh2 Qf5 55. Kg3 Qe4 56. Qd6 h5 57. Qb8+ Kh7 58. Qc7+ Kg8 59. Qd8+
Kf7 60. Qc7+ Kg8 61. Qf4 Qb1 62. Qf6 Qg1+ 63. Kf4 Qxf2+ 64. Kg5 Qxe3+ 65. Kxg6
Qe4+ 66. Kh6 Qh7+ 67. Kg5 Qe4 68. Qg6+ Qxg6+ 69. Kxg6 e5 70. a4 Kf8 71. a5 Ke7
72. a6 1-0

[Event "IX Floripa Chess Open Fort Atacadista"]
[Site "Florianópolis - Santa Catari"]
[Date "2023.01.24"]
[Round "3.126"]
[White "Fraga, Heitor Carneiro"]
[Black "Karoly, Carlos Acacio Gomes"]
[Result "1/2-1/2"]
[WhiteElo "1556"]
[BlackElo "1877"]
[PlyCount "57"]
[EventDate "2023.01.23"]
[EventRounds "10"]
[EventCountry "BRA"]

1. e4 c5 2. Nf3 Nc6 3. Bb5 g6 4. O-O Bg7 5. Bxc6 dxc6 6. d3 Bg4 7. h3 Bxf3 8.
Qxf3 Nf6 9. c3 Nd7 10. Rd1 e5 11. Be3 O-O 12. Nd2 Qe7 13. Nb3 Rfe8 14. Qg3 b6
15. Bg5 Qe6 16. h4 h5 17. Nd2 Nf6 18. Nc4 Nh7 19. f4 Nxg5 20. fxg5 Rad8 21. a4
Rd7 22. Rd2 Red8 23. Rad1 Qe7 24. Qf3 Qe6 25. Ne3 Rd6 26. Kh1 R6d7 27. g4 hxg4
28. Nxg4 c4 29. Nf2 1/2-1/2

[Event "IX Floripa Chess Open Fort Atacadista"]
[Site "Florianópolis - Santa Catari"]
[Date "2023.01.24"]
[Round "3.127"]
[White "Portes Junior, Dirceu Atanazio"]
[Black "Monauer, Caique"]
[Result "0-1"]
[WhiteElo "1874"]
[BlackElo "1533"]
[PlyCount "60"]
[EventDate "2023.01.23"]
[EventRounds "10"]
[EventCountry "BRA"]

1. e4 e5 2. Nc3 Nf6 3. f4 d6 4. Nf3 Nc6 5. Bb5 Bg4 6. h3 Bxf3 7. Qxf3 a6 8.
Bxc6+ bxc6 9. O-O Be7 10. d3 h5 11. fxe5 dxe5 12. Be3 O-O 13. Ne2 Qd7 14. Ng3
g6 15. Bh6 Rfb8 16. b3 Qe6 17. Kh1 Ne8 18. Qe3 Rd8 19. Qd2 Nd6 20. Bg5 h4 21.
Ne2 Nxe4 22. Qe1 Nxg5 23. Qxh4 Kg7 24. Qg3 Rh8 25. Ng1 Rh5 26. Rae1 Bd6 27. Qf2
Rah8 28. d4 Nxh3 29. Nxh3 Rxh3+ 30. gxh3 Qxh3+ 0-1